Normal view
MARC view
- Shefrin, Hersh
Entry Personal Name
001 - CONTROL NUMBER
- control field: 64693
003 - CONTROL NUMBER IDENTIFIER
- control field: NUST
005 - DATE AND TIME OF LATEST TRANSACTION
- control field: 20210628203322.0
008 - FIXED-LENGTH DATA ELEMENTS
- fixed length control field: 210628|| aca||aabn | a|a d
040 ## - CATALOGING SOURCE
- Original cataloging agency: NUST
- Transcribing agency: NUST
100 ## - HEADING--PERSONAL NAME
- Personal name: Shefrin, Hersh
670 ## - SOURCE DATA FOUND
- Source citation: Work cat.: (NUST): Shefrin, Hersh, Ending the management illusion, eliminate the mental traps that threaten your organization's success, 2008
